01474nab a22002417a 4500999001500000003000400015005001700019008004100036040001100077100003700088245023000125260007300355300001300428500003800441505037400479505008900853650002900942650002700971650004300998700003601041773014201077942001301219 c5359d5359OSt20250225210446.0190603e xxum|||| |||| 00| 0 spa d cPJ-TDF 96394aGonzález, María Laura 10aDerecho de la vejez y litigación judicial. Problemáticas y reflexiones con relación a los reclamos judiciales de cobertura asistencial de internaciones geriátricas / cMaría Laura González, Martín P. Labombarda. cCiudad Autónoma de Buenos Aires :aThomson Reuters La Ley, b2024. ap. 20-26 aCita: TR LALEY AR/DOC/2770/2024.  aSumario: I. Introducción.— II. Breves consideraciones sobre el marco normativo referencial.— III. Consideraciones generales sobre la judicialización en materia de ancianidad.— IV. Desarrollo de la problemática y una propuesta de reflexión acerca de la implementación jurisprudencial de pautas alternativas de cobertura.— V. Conclusiones preliminares.  t¿Te interesa el texto completo? Solicitalo al correo: koha@justierradelfuego.gov.ar 091253aDERECHO A LA SALUD 094613aCOBERTURA MEDICA 095306aDERECHOS HUMANOS DE LOS ANCIANOS 96395aLabombarda, P. Martín 0 0271393170dCiudad Autónoma de Buenos Aires : Thomson Reuters La Ley, 2015-tRevista Código Civil y Comercial. Nº 6 - Diciembre 2024 2udccANA